|
|
|
|
| LEADER |
00000nam0a2200000 4500 |
| 001 |
118414 |
| 005 |
20231031124121.0 |
| 010 |
|
|
|a 5229003634
|
| 020 |
|
|
|a RU
|b 88-23716
|
| 035 |
|
|
|a (RuTPU)RU\TPU\book\128136
|
| 090 |
|
|
|a 118414
|
| 100 |
|
|
|a 20070609d1988 k a0rusy5003 ca
|
| 101 |
0 |
|
|a rus
|
| 102 |
|
|
|a RU
|
| 105 |
|
|
|a a z 001zy
|
| 200 |
1 |
|
|a Химическая термодинамика и фазовые равновесия
|f В. М. Глазов, Л. М. Павлова
|
| 205 |
|
|
|a 2-е изд., перераб. и доп.
|
| 210 |
|
|
|a Москва
|c Металлургия
|d 1988
|
| 215 |
|
|
|a 558 с.
|c ил.
|
| 320 |
|
|
|a Библиографический список: с. 528-559.
|
| 610 |
1 |
|
|a химическая термодинамика
|
| 610 |
1 |
|
|a фазовое равновесие
|
| 610 |
1 |
|
|a физико-химические системы
|
| 675 |
|
|
|a 544.344
|v 3
|
| 700 |
|
1 |
|a Глазов
|b В. М.
|g Василий Михайлович
|
| 701 |
|
1 |
|a Павлова
|b Л. М.
|g Лидия Михайловна
|
| 801 |
|
0 |
|a RU
|b RuMRKP
|c 19950417
|g psbo
|
| 801 |
|
1 |
|a RU
|b 63413507
|c 20070609
|g PSBO
|
| 801 |
|
2 |
|a RU
|b 63413507
|c 20160729
|g PSBO
|
| 942 |
|
|
|c BK
|